000 01521namaa22003251i 4500
005 20260627124345.0
008 260607s1995 ua a|||frm||| 000 0 eng d
040 _aEG-GICUC
_beng
_cEG-GICUC
_dEG-GICUC
_erda
041 0 _aeng
_beng
_bara
049 _aDeposit
097 _aM.Sc
099 _aCai01.12.21.M.Sc.1995.Fa.S.
100 0 _aFatma Abd EL-Moghny Salem Mohamed,
_epreparation.
245 1 0 _aStudies On Some Toxicological Characters And Compound Pathological Symptoms Of Phenol On Tilapia Nilotica Zillii /
_cBy Fatma Abd EL-Moghny Salem Mohamed; Supervision Prof.Dr. Said M. Eissa, Dr. Mohamed -Assem S. Marie, Dr. Abbas S. Aboul Ezz.
246 1 5 _aدراسة بعض الخصائص السامة والأعراض المرضية المركبة للفينول على أسماك البلطى النيلى والبلطى الأخضر
264 0 _c1995.
300 _a266 Leaves :
_billustrations ;
_c30 cm. +
336 _2rda content
_atext
337 _2rdamedia
_aUnmediated
338 _2rdacarrier
_avolume
502 _aThesis (M.Sc.) -Cairo University, 1995.
504 _aBibliography: pages 219-266.
653 0 _aZoology
700 0 _aSaid M. Eissa
_ethesis advisor.
700 0 _aMohamed -Assem S. Marie
_ethesis advisor.
700 0 _aAbbas S. Aboul Ezz
_ethesis advisor.
900 _DDepartment of Zoology
_FFaculty of Science
_UCairo University
_b1995
_cSaid M. Eissa
_cMohamed -Assem S. Marie
_cAbbas S. Aboul Ezz
905 _aEman El gebaly
_eNourhan
942 _2ddc
_cTH
_e21
_n0
999 _c180395